Flags of Nordic Countries and Autonomous Areas - Statistics

General Stats
  • This quiz has been taken 200 times
  • The average score is 8 of 9
Answer Stats
Picture Answer % Correct
Norway
100%
Denmark
99%
Finland
98%
Iceland
98%
Sweden
98%
Faroe Islands
94%
Greenland
94%
Åland Islands
86%
Sápmi
53%
No matching quizzes found
Score Distribution
Percent of People with Each Score
Percentile by Number Answered
Your Score History
You have not taken this quiz